| 000 | 00987cad a22002175a 4500 | ||
|---|---|---|---|
| 001 | E147644 | ||
| 008 | 090601s2009 xxkd f 000 0 eng d | ||
| 035 | _a(Sirsi) u147644 | ||
| 041 | 0 | _aeng | |
| 050 | 0 | 4 | _a333.33 $2 18 |
| 110 | 2 |
_aLambert Smith Hampton _92865 |
|
| 245 | 0 | 0 |
_aCorporate real estate matters _h[electronic resource] |
| 260 |
_aLondon _bLSH _c2009 |
||
| 520 | _aPresents the results of a survey into how businesses are dealing with the credit crunch. Suggests that short leases are becoming more popular, as they offer increased flexibility, and that occupiers are looking at buildings to see how they can improve productivity, for example by good workplace design and open-plan working. Tables. | ||
| 521 | 2 | _aAdvanced | |
| 590 | _aKA | ||
| 651 | 4 |
_aUnited Kingdom _y |
|
| 690 | _aPROPERTY-COMMERCIAL PROPERTY-COMMERCIAL PROPERTY MARKET | ||
| 856 | 4 | 0 |
_uhttps://www.lsh.co.uk/pages/research_list.asp _zView the item free of charge at www.lsh.co.uk... |
| 942 | _n0 | ||
| 999 |
_c109671 _d109671 |
||